| 000 | 00698nam a2200229 i 4500 | ||
|---|---|---|---|
| 001 | 88850 | ||
| 003 | ES-MaACL | ||
| 005 | 20230906175942.0 | ||
| 007 | t| | ||
| 008 | 050111s1988 sp ||||1| spa d | ||
| 020 | _a84-7679-101-1 | ||
| 080 | _a930.85(6) | ||
| 100 | 0 |
_aGómez-Tabanera, José Manuel, _d1926-2011 _958165 |
|
| 245 | 1 | 4 |
_aLas culturas africanas / _cJosé M. Gómez-Tabanera. |
| 260 |
_aMadrid : _bHistoria 16, _c[1988] |
||
| 300 |
_a129 p. : _bil. ; _c24 cm. |
||
| 490 | 1 |
_aHistorias del viejo mundo ; _v14 |
|
| 651 | 4 |
_aÁfrica- _xCivilización. _97592 |
|
| 830 | 0 |
_aHistorias del viejo mundo ; _v14 _9184083 |
|
| 852 |
_aES-MaACL _jE-10698 _bR.135058 |
||
| 999 |
_c88850 _d88850 |
||